| 000 | 00573nam a2200181 i 4500 | ||
|---|---|---|---|
| 001 | 65804 | ||
| 003 | ES-MaACL | ||
| 005 | 20230906165456.0 | ||
| 007 | t| | ||
| 008 | 040121s1963 sp ||||1| spa d | ||
| 100 | 1 |
_aFuentes Guerra, Rafael. _952925 |
|
| 245 | 1 | 0 |
_aMaslama de Madrid e Ibn Hazm de Córdoba / _cRafael Fuentes Guerra. |
| 260 |
_aMadrid : _b[s.n., _c1963] ( _fEscelicer) |
||
| 300 |
_a100 p., 3 lám. : _bil. ; _c21 cm. |
||
| 600 | 1 | 4 |
_aMajriti, Maslamah ibn Ahmad. _9166625 |
| 600 | 0 | 4 |
_aIbn Hazm, Al ibn Ahmad. _965013 |
| 852 |
_aES-MaACL _jC-23389 _bR.51980 |
||
| 999 |
_c65804 _d65804 |
||